Lappeenrannan kaupunginosat - Statistics

Yleistilastot
  • Tätä visaa on pelattu 59 kertaa
  • Keskiarvotulos 20 / 63
Vastaustilastot
Alue Kaupunginosa % Oikein
LPR Lauritsala
85%
LPR Sammonlahti
74%
LPR Keskusta
69%
LPR Skinnarila
67%
LPR Myllymäki
62%
LPR Kimpinen
59%
LPR Kaukas
56%
LPR Tirilä
56%
LPR Uus-Lavola
56%
LPR Lavola
54%
LPR Pallo-Tyysterniemi
54%
LPR Tykki-Kiviharju
54%
LPR Voisalmi
54%
Nuijamaa Nuijamaa
51%
LPR Kivisalmi
49%
LPR Leiri
49%
LPR Mäntylä
46%
LPR Linnoitus
44%
LPR Mattila
44%
Ylämaa Ylämaa
44%
LPR Alakylä
41%
LPR Harapainen
41%
LPR Kanavansuu
41%
LPR Karhuvuori
38%
LPR Kesämäki
38%
LPR Lapvesi
38%
LPR Kariniemi
36%
LPR Mustola
36%
LPR Kourula
33%
Korvenkylä Rauha
31%
LPR Mälkiä
28%
LPR Parkkarila
28%
Joutseno Pulp
28%
Joutseno Ahvenlampi
26%
LPR Hiessilta
26%
LPR Kuusela
26%
LPR Kylpylä
26%
LPR Lentokenttä
26%
LPR Kuusimäki
23%
LPR Pajarila
23%
LPR Laihia
21%
LPR Ruoholampi
21%
LPR Hakali
18%
LPR Rutola
18%
LPR Hartikkala
15%
Joutseno Lampikangas
15%
LPR Lepola
15%
LPR Reijola
13%
LPR Taikinamäki
13%
Joutseno Honkalahti
10%
LPR Peltola
10%
LPR Hyrymäki
8%
LPR Ihalainen
8%
Korvenkylä Hiekkapelto
5%
Korvenkylä Korvenkeskus
5%
Joutseno Lintukangas
5%
Joutseno Pöyhiänniemi
5%
Joutseno Putkinotko
5%
LPR Selkäharju
5%
Korvenkylä Vesivalo
5%
Joutseno Kesola
3%
LPR Suolahti
3%
Joutseno Tapiola
0%
Ehtoja vastaavia visoja ei löytynyt
Tulosjakauma
Jokaisen tuloksen saaneiden osuus
Persentiili vastausten määrän mukaan
Tuloshistoriasi
Et ole pelannut tätä visaa